000 01620cam a2200325 a 4500
001 000013844
005 20240515122609.0
008 940223s1989 uy a f000 0 spa d
035 _a(DLC) 93833278
040 _aDO-SdBNP
_cDLC
042 _alcode
043 _as-uy---
082 _a338.91895
_bP964r
245 0 0 _aPrograma de reforma administrativa :
_bLa reforma administrativa inserta en el primer plan de desarrollo socioeconómico, formulado por la Comisión de Inversiones y Desarrollo Económico (CIDE). 1964 /
_cprólogo, Enrique Iglesias ; prefario del Sr. Ernesto Daragnés Rodero.
260 _a[Montevideo, Uruguay] :
_bInstituto Nacional del Libro :
_bOficina Nacional del Servicio Civil :
_bFundacion Hanns Seidel,
_c1989.
300 _a182 p. :
_bil. ;
_c19 cm.
490 1 _aReforma del Estado
_v2
500 _a"La reforma administrativa inserta en el Primer Plan de Desarrollo Socioeconómico, formulado por la Comisión de Inversiones y Desarrollo Económico (CIDE), 1964."
500 _a"Informe sobre la administración pública: Comisión de Inversiones y Desarrollo Económico (CIDE), 1965"--Cover.
650 0 _aPolítica económica
_984931
650 0 _aAdministración pública
_99266
651 4 _aUruguay
_xPolítica Y Gobierno
_916389
700 1 _aIglesias, Enrique,
_epról.
_931353
700 1 _aRodero, Ernesto Daragnés,
_931354
710 1 _aUruguay.
_bComision de Inversiones y Desarrollo Economico.
_931355
740 0 _aInforme sobre la administración pública.
830 0 _aReforma del Estado ;
_v2
_919983
910 _aCatalogación por copia / LC
049 _aBNGR
999 _c13454
_d13454